000 00323nam a2200157Ia 4500
100 _aWesolowski/Krzysztof
650 _aMobile
942 _cBK
366 _f27
245 _aMobile communication systems
260 _bWiley
_c2002
082 _a621.382
_bWES
300 _a449
546 _aENGLISH
_cTTL
999 _c34398
_d34398